000 00962nms a22002537a 4500
003 NALT
005 20250814155302.0
006 a|||p|o|||| 00| 0
007 c| aa aaaaa
008 220117b th ||||| |||| 00| 0 tha d
022 _a19066988 (Online)
040 _aNALT
041 _atha
245 0 0 _aวิชาการนวัตกรรมสื่อสารสังคม
246 3 1 _aThe Journal of Social Communication Innovation
260 _aวิทยาลัยนวัตกรรมสื่อสารสังคม มหาวิทยาลัยศรีนครินทรวิโรฒ
310 _aรายหกเดือน
500 _aวารสารอิเล็กทรอนิกส์
650 0 _960
_aการสื่อสาร
850 _aNALT
856 4 0 _uhttp://ejournals.swu.ac.th/index.php/jcosci/issue/archive
942 _cEJN
996 _ajintana.i
_bSERSTF
_c2025-08-14
999 _c98881
_d98881
998 _j755
_k นางจินตนา เอี่ยมคง